000 00466cam a22001337a 4500
008 180718b1986 xxu||||| |||| 00| 0 eng d
082 _aA81x54 In2/81/11/Pt 3 A & B/7
100 _aCensus of India 1981
245 _aMadhya Pradesh: general economic tables
260 _aDelhi
_bThe Controller of Publications
_c1986
300 _a1216+p.
440 _aCensus of India 1981. Series-11, Madhya Pradesh. Part-III- A & B (vii)
500 _aContents: Tables B-21 and B-22
999 _c482950
_d482950